| Tag |
First Indicator |
Second Indicator |
Subfields |
| LEADER |
00000cam a2200000 a 4500 |
| 001 |
in00002139482 |
| 006 |
m e d # |
| 007 |
cr mn mmmmabba |
| 008 |
830831s1782 mau s 000 0 eng d |
| 005 |
20260331150426.6 |
| 035 |
|
|
|z w037932
|
| 035 |
|
|
|a MAAR8308313904B
|
| 035 |
|
|
|9 mwa91-28208
|
| 035 |
|
|
|a 317214
|
| 035 |
|
|
|a aas03037932
|
| 040 |
|
|
|a MWA
|c MWA
|e bdrb
|d UtOrBLW
|
| 245 |
0 |
2 |
|a A Dialogue, between the Devil and George III. tyrant of Britain, &c. &c. &c. &c.
|
| 264 |
|
3 |
|a Boston :
|b Printed and sold by Benjamin Edes and Sons, at their office in State-Street,
|c M,DCC,LXXXII. [1782]
|
| 300 |
|
|
|a 24 pages ;
|c 18 cm. (quarto)
|
| 336 |
|
|
|a text
|b txt
|2 rdacontent
|
| 337 |
|
|
|a computer
|b c
|2 rdamedia
|
| 338 |
|
|
|a online resource
|b cr
|2 rdacarrier
|
| 510 |
4 |
|
|a Evans
|c 17520
|
| 530 |
|
|
|a Microform version available in the Readex Early American Imprints series.
|
| 533 |
|
|
|a Electronic text and image data.
|b [Chester, Vt. :
|c Readex, a division of Newsbank, Inc.,
|d 2002-2004.
|e Includes files in TIFF, GIF and PDF formats with inclusion of keyword searchable text.
|f (Early American imprints. First series ; no. 17520).
|
| 500 |
|
|
|a Electronic resource.
|
| 600 |
0 |
0 |
|a George
|b III,
|c King of Great Britain,
|d 1738-1820.
|
| 651 |
|
0 |
|a United States
|x History
|y Revolution, 1775-1783
|v Anecdotes.
|
| 655 |
|
7 |
|a Dialogues.
|2 rbgenr
|
| 655 |
|
7 |
|a Satires.
|2 rbgenr
|
| 752 |
|
|
|a United States
|b Massachusetts
|d Boston.
|
| 830 |
|
0 |
|a Early American imprints.
|n Series I,
|p Evans (1639-1800) ;
|v no. 17520.
|
| 856 |
4 |
1 |
|u http://proxy.library.tamu.edu/login?url=https://opac.newsbank.com/select/evans/17520
|y Evans Digital Edition
|t 0
|
| 999 |
|
|
|a MARS
|
| 999 |
f |
f |
|s 6790460e-bf93-3e0b-af4d-356ad8f427c3
|i a63bdc2c-07b6-3cbe-90e6-244233d74aba
|t 0
|
| 952 |
f |
f |
|a Texas A&M University
|b College Station
|c Electronic Resources
|s www_evans
|d Available Online
|t 0
|h No information provided
|
| 998 |
f |
f |
|t 0
|l Available Online
|